| 000 | 00756nam a22002417a 4500 | ||
|---|---|---|---|
| 003 | UA-OsUOA | ||
| 001 | 52419 | ||
| 007 | ta | ||
| 008 | 20080213b un ||||| |||| 00| 0 ukr d | ||
| 100 | _aСосса Р. І. | ||
| 090 |
_a528.94(091)(477) _bС66 |
||
| 942 | _cBK | ||
| 040 |
_aUA-OsUOA _bukr _cUA-OsUOA _dUA-OsUOA |
||
| 245 |
_aІсторія картографування території України _bпідручник для студентів вищих навчальних закладів |
||
| 300 | _a336 с. | ||
| 955 | _a2 | ||
| 041 | _aukr | ||
| 080 | _a528.94(091)(477) | ||
| 020 | _a978-966-06-0463-6 | ||
| 260 |
_aК. _bЛибідь _c2007 |
||
| 650 | 7 |
_a528 Геодезія. Картографія _2UDC |
|
| 999 |
_c338510 _d338510 |
||